00639nam a2200157Ia 4500008004100000020001500041082001500056100003000071245011400101260006800215300002600283942003600309942001200345952010900357999001500466250602s9999 xx 000 0 und d a9241571098 a616.99 SUM aWorld Health Organization 0aSummary report on the evaluation of short-term tests for carcinogens : (collaborative study on in vivo tests) aGenevabInternational Programme on Chemical Safety (IPCS)c1990 a96 p. : ill. ; 21 cm. h616.996616_990000000000000_SUM iSUMcAD 94020aKFPLbKFPLcEnglish Collectiond2025-06-02l0o616.99 SUMpKL-2024-001427r2025-06-02 05:12:21yAD c3718d3718